Educación y crecimiento padres 10 : estimulación del aprendizaje1 (Registro nro. 7403)
[ vista simple ]
| 000 -Cabecera | |
|---|---|
| Campo de control de longitud fija | 00663nam a22002297a 4500 |
| 005 - Fecha y hora de la última transacción | |
| Campo de control | 20250908180636.0 |
| 008 - Elementos de longitud fija--Información general | |
| Campo de control de longitud fija | 160118b xxu||||| |||| 00| 0 spa d |
| 041 ## - Idioma | |
| Código de idioma | |
| 082 ## - Clasificación Decimal Dewey | |
| Número de clasificación | 153.152.2 E24ed |
| 245 ## - Título propiamente dicho | |
| Título | Educación y crecimiento padres 10 : estimulación del aprendizaje1 |
| 260 ## - Pie de imprenta | |
| Lugar de publicación, distribución, etc. | España |
| Nombre del editor, distribuidor, etc. | Océano |
| Fecha de publicación, distribución, etc. | 2011 |
| 300 ## - Descripción física | |
| Extensión | 212 páginas |
| 505 ## - Nota de contenido | |
| Nota de contenido | Contiene fichas didácticas de estimulación FE01 ubicadas en la mapoteca |
| 650 ## - Materia general | |
| Temática (materia general) | EDUCACION |
| 650 ## - Materia general | |
| Temática (materia general) | PSICOLOGIA |
| 650 ## - Materia general | |
| Temática (materia general) | PADRES |
| 650 ## - Materia general | |
| Temática (materia general) | CRECIMIENTO DEL BEBE |
| 650 ## - Materia general | |
| Temática (materia general) | GESTACION |
| 650 ## - Materia general | |
| Temática (materia general) | NACIMIENTO |
| 650 ## - Materia general | |
| Temática (materia general) | PRIMER AÑO DE VIDA |
| 942 ## - Punto de acceso adicional KOHA | |
| Tipo de ítem KOHA | Libro |
| Fuente del sistema de clasificación o colocación | Dewey Decimal Classification |
| Signatura completa | Código de barras | Tipo de ítem |
|---|---|---|
| 153.152.2 E24ed | 19953 | Libro |
| 153.152.2 E24ed | FE01 | Material didáctico |